| 000 | 00864nam a22002057a 4500 | ||
|---|---|---|---|
| 999 |
_c12229 _d12229 |
||
| 003 | AR-CdUCM | ||
| 008 | 190328b ||||| |||| 00| 0 spa d | ||
| 040 |
_aMUNICIPALIDAD PROVINCIAL DEL CUSCO _cBIBLIOTECA MUNICIPAL DEL CUSCO |
||
| 082 |
_aC / 312.985 / _bG22 |
||
| 100 |
_aGamarra, Manuel Jesús _926063 |
||
| 245 |
_aOrientación y organización : _bpoblación y descentralización programa de reconstrucción nacional / |
||
| 260 |
_aCuzco : _bH. G. Rozas, _c1926. |
||
| 300 |
_a162páginas ; _c25 cm. |
||
| 505 | _aContenido: Necesidad de un ideal -- El ideal debe ser económico -- El hombre es una factor de la producción -- El ideal debe consistir en el aumento de la población... | ||
| 650 |
_aDiplomacia peruana. _926064 |
||
| 650 |
_aDerecho. _9739 |
||
| 650 |
_aReconstrucción nacional. _926065 |
||
| 942 |
_2ddc _cLIBROS |
||
| 945 |
_awfj _d2019-04-08 |
||